Normal view
MARC view
- Lusch, Stephen J.
Entry Personal Name
001 - CONTROL NUMBER
- control field: 45641
003 - CONTROL NUMBER IDENTIFIER
- control field: OSt
005 - DATE AND TIME OF LATEST TRANSACTION
- control field: 20220610135646.0
008 - FIXED-LENGTH DATA ELEMENTS
- fixed length control field: 220610|| aca||aabn | a|a d
040 ## - CATALOGING SOURCE
- Original cataloging agency: OSt
- Transcribing agency: OSt
100 ## - HEADING--PERSONAL NAME
- Personal name: Lusch, Stephen J.
- Relator term: Author.
670 ## - SOURCE DATA FOUND
- Source citation: Work cat.: (OSt): Drake, Katharine D. 45638, Do income tax-related deficiencies in publicly disclosed PCAOB part II reports influence audit client financial reporting of income tax/, ©2016.
